North Queensland Cowboys Players with 10+ Tries - Statistics

General Stats
  • This quiz has been taken 18 times
    3 since last reset
  • The average score is 45 of 76
Answer Stats
Hint Answer % Correct
6 78 Antonio Winterstein
100%
=46 16 Braidon Burns
100%
=29 22 Brenton Bowen
100%
8 72 Gavin Cooper
100%
=39 18 Helium Luki
100%
=29 22 Jake Granville
100%
=62 13 Javid Bowen
100%
=31 21 Jaxon Purdue
100%
15 47 Jeremiah Nanai
100%
5 81 Johnathan Thurston
100%
1 156 Kyle Feldt
100%
=46 16 Lachlan Coote
100%
2 130 Matt Bowen
100%
=34 19 Matthew Scott
100%
7 73 Matt Sing
100%
11 58 Michael Morgan
100%
=62 13 Robert Lui
100%
12 57 Scott Drinkwater
100%
17 43 Valentine Holmes
100%
=25 25 Aaron Payne
67%
=43 17 Ben Hampton
67%
23 28 Brent Tate
67%
20 34 Coen Hess
67%
=67 12 Damien Smith
67%
=34 19 Ethan Lowe
67%
=46 16 Jake Clifford
67%
=62 13 James Tamou
67%
19 38 Jason Taumalolo
67%
=56 14 Julian O'Neill
67%
16 46 Justin O'Neill
67%
=56 14 Justin Smith
67%
=52 15 Kalifa Faifai Loa
67%
13 53 Kane Linnett
67%
=39 18 Matthew Wright
67%
9 67 Murray Taulagi
67%
=25 25 Reece Robson
67%
=56 14 Robert Derby
67%
=34 19 Scott Bolton
67%
=71 10 Te Maire Martin
67%
18 41 Tom Dearden
67%
=71 10 Zac Laybutt
67%
=69 11 Andrew Dunemann
33%
4 84 Ashley Graham
33%
=52 15 Ben Farrar
33%
=52 15 Brian Jellick
33%
=46 16 Carl Webb
33%
=69 11 David Bouveng
33%
=39 18 David Myles
33%
=62 13 Glenn Hall
33%
22 32 Glenn Morrisson
33%
=31 21 Hamiso Tabuai-Fidow
33%
=27 23 John Williams
33%
14 49 Josh Hannay
33%
=34 19 Justin Loomans
33%
=39 18 Kris Tassell
33%
24 26 Kyle Warren
33%
=27 23 Luke O'Donnell
33%
=56 14 Luke Phillips
33%
=71 10 Mark Henry
33%
=62 13 Mark Shipway
33%
=43 17 Nathan Fien
33%
=46 16 Neil Sweeney
33%
=43 17 Noa Nadruku
33%
10 62 Paul Bowman
33%
=56 14 Peter Jones
33%
33 20 Ray Mercy
33%
=56 14 Ray Thompson
33%
=71 10 Reggie Cressbrook
33%
=71 10 Reuben Cotter
33%
=34 19 Rod Jensen
33%
=52 15 Semi Valemei
33%
=71 10 Shane Tronc
33%
=67 12 Steve Southern
33%
=46 16 Tariq Sims
33%
3 85 Ty Williams
33%
21 34 Willie Tonga
33%
No matching quizzes found
Score Distribution
Percent of People with Each Score
Percentile by Number Answered
Your Score History
You have not taken this quiz since the last reset